000 00299nam a2200121Ia 4500
008 190216s9999||||xx |||||||||||||| ||und||
100 _aThomas H Martinson
245 0 _aGmat Cat
260 _bW R Goyal Publishers & Distributors
_c1998
300 _a547p
650 _aCommerce
942 _cREF
999 _c36359
_d36359